| 000 -LEADER |
| fixed length control field |
01195nam a2200241Ia 4500 |
| 001 - CONTROL NUMBER |
| control field |
15964 |
| 003 - CONTROL NUMBER IDENTIFIER |
| control field |
GE_BSU |
| 008 - FIXED-LENGTH DATA ELEMENTS--GENERAL INFORMATION |
| fixed length control field |
181216s||||||||xx |||||||||||||| ||und|| |
| 040 ## - CATALOGING SOURCE |
| Transcribing agency |
GE_BSU |
| 080 ## - UNIVERSAL DECIMAL CLASSIFICATION NUMBER |
| Universal Decimal Classification number |
821.353.1-4 |
| 100 ## - MAIN ENTRY--PERSONAL NAME |
| Personal name |
ხუხაშვილი, გიორგი |
| 245 ## - TITLE STATEMENT |
| Title |
ერთი დღე გმირთან. |
| 245 ## - TITLE STATEMENT |
| Remainder of title |
ნარკვევი სოციალისტური შრომის გმირ მახარაძელ გუგული ქადეიშვილზე |
| 245 ## - TITLE STATEMENT |
| Statement of responsibility, etc. |
რედ.: არჩ. სულაკაური.მხ.ზ.დეისაძე |
| 260 ## - PUBLICATION, DISTRIBUTION, ETC. |
| Place of publication, distribution, etc. |
თბილისი |
| 260 ## - PUBLICATION, DISTRIBUTION, ETC. |
| Name of publisher, distributor, etc. |
ნაკადული |
| 260 ## - PUBLICATION, DISTRIBUTION, ETC. |
| Date of publication, distribution, etc. |
1974 |
| 300 ## - PHYSICAL DESCRIPTION |
| Extent |
63გვ. ; 20სმ |
| 653 ## - INDEX TERM--UNCONTROLLED |
| Uncontrolled term |
ერთი დღე გმირთან. |
| 653 ## - INDEX TERM--UNCONTROLLED |
| Uncontrolled term |
ნარკვევი სოციალისტური შრომის გმირ მახარაძელ გუგული ქადეიშვილზე |
| 653 ## - INDEX TERM--UNCONTROLLED |
| Uncontrolled term |
ქართველი მეჩაიეები; ქართველი სოციალისტური შრომის გმირები |
| 942 ## - ADDED ENTRY ELEMENTS (KOHA) |
| Koha item type |
წიგნი |